000 01990nas a22003257a 4500
999 _c29560
_d29560
003 CO-CtgCURN
005 20250407152859.0
007 cr || aaaaaaaa
008 190916c1994 fr|no |||| 00| 00spa d
022 _a0122-1213 (impreso)
022 _a 2389-993X (digital)
040 _aCO-CtgCURN
_bspa
_cCO-SiCUC
_erda
082 _a363.1
110 _aUniversidad del Valle.
_bFacultad de Humanidades. Escuela de Trabajo Social y Desarrollo Humano.
_97854
245 _aProspectiva
_h[electronic resource] /
_cUniversidad del Valle
260 _aCali, Valle del Cauca :
_bUniversidad del Valle,
_c1994
300 _avolúmenes :
_bilustraciones, gráficas, tablas ;
_c25 centímetros
336 _2rdacontent
337 _2rdamedia
338 _2rdacarrier
504 _aIncluye referencias bibliográficas
520 _aPROSPECTIVA es una Revista de Trabajo Social e intervención social de publicación semestral, editada y financiada por la Universidad del Valle (Colombia) desde 1994, que se interesa por el desarrollo del pensamiento social y del trabajo social contemporáneo, en particular el de América Latina, y por la difusión de conocimiento que aporte a procesos de transformación social. Se dirige a académicos, profesionales y actores de la intervención social. Publica artículos originales en español e inglés derivados de investigación-incluida la sistematización de experiencias- de las ciencias sociales y humanas, así como reflexiones teóricas del campo de lo social y específicamente sobre Trabajo Social; también publica reseñas. La Revista es arbitrada por pares.
521 _aAREA PROFESIONAL
550 _aPublicado por la Universidad del Valle
590 _aPrograma de Trabajo Social_26
650 _aTrabajo social
_xPublicaciones periódicas
_zColombia
_92436
856 _uhttp://revistaprospectiva.univalle.edu.co/
_yHaga clic para acceso en línea
942 _2ddc
_cRE
_h361.3